000 00595nam a2200217 a 4500
008
049 _aMAIN
090 _aTJ170
100 1 _aRyder, G. H.
245 1 0 _aTheory of machines through worked examples
_cG. H. Ryder.
250 _a3rd rev. ed.
260 _aLondon :
_bCleaver-Hume ,
_c1963.
300 _aviii, 280 p. :
_bill. ;
_c22 cm.
500 _aIncludes index.
650 1 _aMachinery Applied.
907 _a.b10162185
_b05-01-06
_c05-05-05
003
005 20230123134006.0
040 _cNUST
942 _cBOOKS
_kTJ170
999 _c158156
_d158156